000 00735cab a2200301 4500
001 ABS45024
008 090401t1991 xxu||||| |||| 00| 0 eng d
035 _a(Sirsi) u50456
041 _aeng
245 _aMaking the grade
260 _c1991
350 _a0
490 _aAsian Property
_vJuly 1991, 24-31( (7)
520 _aLists the best fitted out office blocks in main Asian cities.
650 _aHONG KONG
650 _aINDONESIA
650 _aINTELLIGENT BUILDINGS
650 _aJAPAN
650 _aMALAYSIA
650 _aOFFICES
650 _aPHILIPPINES
650 _aSINGAPORE
650 _aTAIWAN
650 _aTHAILAND
690 _aOVERSEAS-REST OF THE WORLD
942 _n0
948 _c04/03/1997
999 _c31489
_d31489